00809cas a2200241 a 45000010008000000030008000080050017000160080041000330350012000740400030000860820018001161100019001342450062001532600048002153000029002633620013002925000019003055150030003246510034003547100032003887800075004207800072004951549673BD-DhUL20170327185753.0770311s1942 ii ar f0 0eng  a1549673 aQUbengcBD-DhULdBD-DhUL a382.0954bINR2 aGovt. of India00aReview of the trade of India in 1940-41 /cGovt. of India aSimla :bGovt. Central Branch Press,c1940. a287 p. :bill. ;c34cm.0 a1884-85- aIncludes index aReport year ends Mar. 31. 0aIndiaxCommercevPeriodicals.1 aIndia.bStatistical Bureau.04tReview of the accounts of the sea-borne foreign trade of British India04tReview of the trade by land of British India with foreign countries